000 00552nac a22001811u 4500
020 _a8120317440
082 0 0 _a621.4021
_bACH
090 _c9438
_d9438
100 _aAchuthan M.
245 1 0 _aEngineering thermodynamics/
_cM. Achuthan
260 _aNew Delhi:
_bPrintice Hall,2002
_c2002
300 _a 472 p.;
_c24 cm.
500 _adistributer: Al-Ahram
504 _aIncludes bibliographical references.
511 _acatalogued by: wessam
650 0 _aThermodynamics.
942 _cBB
_k621.4021ACH
999 _c9438
_d9438